| 000 | 00701nam a2200217 i 4500 | ||
|---|---|---|---|
| 001 | 101961 | ||
| 003 | ES-MaACL | ||
| 005 | 20251120063135.0 | ||
| 007 | t| | ||
| 008 | 051028s1970 sp |||| | spa d | ||
| 080 | _a330.13 | ||
| 100 | 1 |
_aMéndez, José María, _d1929- _9160919 |
|
| 245 | 1 | 0 |
_aRelaciones entre economía y ética / _cpor José María Méndez. |
| 260 |
_aMadrid : _bConfederación Española de Cajas de Ahorros, _c1970. |
||
| 300 |
_a352 p. ; _c22 cm. |
||
| 650 | 4 |
_aValor (Economía) _9147493 |
|
| 650 | 4 |
_aEconomía y sociología. _9144383 |
|
| 710 | 2 |
_aConfederación Española de Cajas de Ahorros. _93148 |
|
| 852 |
_aES-MaACL _jC-36604 |
||
| 999 |
_c101961 _d101961 |
||